000 00494nam a2200181Ia 4500
999 _c27655
_d27655
003 OSt
005 20201111122751.0
008 190216s9999||||xx |||||||||||||| ||und||
020 _a9788124005408
040 _coclc
082 _a894.8123
_bSEN/G
100 _aSenan
_96473
245 0 _aGreeshma Padangal /
_cSenan
260 _bCurrent Books,
_c1998.
_aKottayam:
300 _a184p
650 _aMalayalam Novel
942 _cBK
_2ddc
_h894.8123
_iSEN/G
_k894.8123
_mSEN/G